| 000 | 00727nam a2200289Ia 4500 | ||
|---|---|---|---|
| 001 | 34933 | ||
| 003 | IT-RoPAU | ||
| 008 | 130308s9999 xx 000 0 und d | ||
| 040 | _aIT-RoPAU | ||
| 040 | _cIT-RoPAU | ||
| 041 | _aITALIANO | ||
| 100 | _aJackson Don D. | ||
| 100 | _gCodice Aut. SPICS: 5274 | ||
| 245 | _aMito della normalità (Il) | ||
| 245 | _bProspettiva relazionale (La) | ||
| 250 | _a1a ed. | ||
| 260 | _aROMA | ||
| 260 | _bAstrolabio | ||
| 260 | _c1978 [1° Ed.:1978 - Ed.Ling.Originale:1967] | ||
| 300 | _a"7 p. (prefazione: no ; testo: 7 [pagine: 163-169])" | ||
| 650 | _aPSICOLOGIA | ||
| 650 | _eCodice materia Spics: 3601 | ||
| 942 | _cBK | ||
| 957 | _71 | ||
| 999 |
_c42263 _d42263 |
||
| 999 | _bSI | ||
| 999 | _g1 | ||